000 00545nam a22001817a 4500
999 _c160598
_d160598
005 20201117113127.0
010 _aENG-124744
020 _a9788190777711
_c400.00
035 _aEN-108276
037 _bDBAD/PUB
082 _a020.954
245 _aLis profession in the changing invironment/
_cedited by Arjun Dasgupta
260 _aKolkata
_bDr. J.N. Satpati
_c2011
270 _aP-291,Scheme-6M, Kankurgachi
_bKolkata
_e700054
300 _a289p.
_c22cm(Hb)
700 _aDasgupta Arjun
942 _2ddc
_cEN
_h020.954
_mLIS